Ciencias : (Registro nro. 10826)

Detalles MARC
000 -CABECERA
Longitud fija campo de control 01093nam a2200205 a 4500
003 - • IDENTIFICADOR DELl NÚMERO DE CONTROL
Identificador del número de control CO-ViMGA
008 - • CÓDIGOS DE INFORMACIÓN DE LONGITUD FIJA
Códigos de información de longitud fija 141112s2004 ck r 000 u spa d
020 ## - • NÚMERO INTERNACIONAL NORMALIZADO PARA LIBROS
Número Internacional Normalizado para Libros (ISBN) 9589498108
040 ## - FUENTE DE LA CATALOGACIÓN
Centro catalogador de origen CO-ViMGA
Lengua de catalogación spa
Centro transcriptor CO-ViMGA
082 ## - • NÚMERO DE LA CLASIFICACIÓN DECIMAL DEWEY
Número de clasificación (R) 500.1 M177c - 7
100 1# - • PUNTO DE ACCESO PRINCIPAL-NOMBRE DE PERSONA
Nombre de persona Mendieta Sanabria, Jeemmy; Pedrozo Perez, Julio Armando; Arbeláez Gomez, Nydia
245 10 - • TITULO PROPIAMENTE DICHO
Título Ciencias :
Resto del título Exploremos la naturaleza 7
300 ## - • DESCRIPCIÓN FÍSICA
Extensión 286.p.
500 ## - • NOTA GENERAL
Nota general Contiene CD.
505 ## - • NOTA DE CONTENIDO CON FORMATO
Nota de contenido con formato Ciencias Naturales 7 Planeta Tierra - Movimientos. Cultivos hidroponicos. Ciclos biológicos. Ritmos diarios. Ritmos lunares. Ritmos anuales. Recursos Naturales en Colombia. Division celular indirecta - mitosis Celula - animal - vegetal Estructura y propiedades de la materia Factores abioticos - bioticos Ciclos biologicos Recursos naturales - Colombia Contaminación ambiental - enfermedades Mitosis vegetal - amitosis Tejidos animales - Histologia animal Tejidos vegetales - histologia vegetal
650 14 - • PUNTO DE ACCESO ADICIONAL DE MATERIA - TÉRMINO DE MATERIA
Término de materia o nombre geográfico como elemento inicial CIENCIAS - ENSEÑANZA SECUNDARIA
942 ## - ENTRADA DE ELEMENTOS AGREGADOS (KOHA)
Fuente de clasificaión o esquema Dewey Decimal Classification
Koha [por defecto] tipo de item LIbro
Existencias
Perdido Fuente de clasificación o esquema Estado Físico No para préstamo Forma de adquisición Localización permanente Localización actual Fecha adquisición Serie de enumeración / cronolog&íacute;a Préstamos totales Signatura completa Código de barras Fecha última consulta Número de copia Fecha del precio de reemplazo Tipo de item de Koha
  Dewey Decimal Classification     Sala General Biblioteca Barrio Emporio - Villavicencio Biblioteca Barrio Emporio - Villavicencio 12/04/2015 Volumen. 1 | 11/jun/2009   500.1 M177c - 7 3311 05/17/2017 Ej. 1 12/04/2015 LIbro









Instituto Departamental de Cultura del Meta - Red Departamental de Bibliotecas Públicas del Meta.